Notas sobre la influencia de la iglesia en la artesanía chilena
সংরক্ষণ করুন:
| প্রধান লেখক: | |
|---|---|
| বিন্যাস: | গ্রন্থ |
| ভাষা: | স্প্যানিশ |
| প্রকাশিত: |
s.l
s.n
1981
|
| বিষয়গুলি: | |
| ট্যাগগুলো: |
ট্যাগ যুক্ত করুন
কোনো ট্যাগ নেই, প্রথমজন হিসাবে ট্যাগ করুন!
|
MARC
| LEADER | 00000nam a2200000 a 4500 | ||
|---|---|---|---|
| 001 | UCL5767 | ||
| 003 | CL-VaPUC | ||
| 008 | 040319e19810000sl |||||||||||||||||spa|d | ||
| 082 | 0 | 4 | |a 745.5 |b PRA |2 21 |
| 100 | 0 | |a Prado O., Juan Guillermo |e author |9 483479 | |
| 245 | 1 | 0 | |a Notas sobre la influencia de la iglesia en la artesanía chilena |
| 300 | |a pág. irreg | ||
| 942 | |c BK | ||
| 945 | |d 20040319 00:00:00 |a cmena | ||
| 260 | |a s.l |b s.n |c 1981 | ||
| 500 | |a Incluye además: La pintura religioso-popular del altiplano chileno de Luis Mebold K | ||
| 650 | 0 | |a Artesanías |9 266634 | |
| 650 | 7 | |a RELIGIOSIDAD POPULAR |2 CL-VaPUC |9 483480 | |
| 650 | 0 | |a Costumbres y tradiciones |9 268292 | |
| 650 | 0 | |a Arte y religión |9 269457 | |
| 651 | 7 | |a CHILE |2 CL-VaPUC |9 483481 | |
| 583 | |a last modification |c 20180109 12:10:16 |k Rodrigo Vera | ||
| 999 | |c 308194 |d 308192 | ||
| 952 | |0 0 |1 2 |4 0 |6 745_500000000000000_PRA_1981 |7 0 |8 X |9 374497 |a FDOMLP |b FDOMLP |d 2019-11-21 |i 3901432 |o 745.5 PRA 1981 |p 3901432 |r 2019-11-21 |w 2019-11-21 |y BK_X |k BU2 | ||